[Event "10th Karen Asrian Memorial 2017"]
[Site "Jermuk"]
[Date "2017.06.24"]
[Round "4"]
[White "Postny, Evgeny"]
[Black "Kovalenko, Igor"]
[Result "1/2-1/2"]
[WhiteElo "2581"]
[BlackElo "2656"]
[Annotator "TA"]
[PlyCount "198"]
[EventDate "2017.??.??"]
[EventType "swiss"]
[EventCountry "ARM"]
[SourceTitle "playchess.com"]
[Source "ChessBase"]
[SourceQuality "1"]

{[%evp 18,198,24,18,22,25,31,22,31,27,27,20,22,20,20,20,23,19,23,20,12,-2,8,0,0,0,0,0,-4,0,-2,-12,-11,-10,0,0,0,-5,0,0,0,-12,-12,-15,0,0,0,-32,0,0,0,-8,-8,-8,-8,-8,-8,-8,-8,-8,-8,-8,0,0,-3,-83,-59,-83,-69,-71,-70,-70,-69,-83,-68,-83,-83,-83,0,-83,-83,-83,-83,-83,-83,-83,-83,-83,-83,-83,-83,-83,-83,-83,-83,-83,-83,-83,-83,-83,-83,-83,-83,-83,-83,-83,-83,-83,-8,-8,-8,-8,-8,-8,-8,-8,-8,-8,0,-8,-8,-8,0,0,0,0,0,0,0,0,0,0,0,0,0,0,0,0,0,0,0,-8,-8,-8,-8,-8,-8,-8,-8,-8,-8,-8,-8,-8,-8,-44,-8,-8,-8,-8,-8,-107,0,0,0,0,0,0,0,0,0,0,0,0,0,0,0,0,0,0,0,0,0]} 1. d4 Nf6 2. c4 e6 3. g3 c5 4. Nf3 cxd4 5. Nxd4 Bb4+ 6. Bd2 Qb6 7. e3 Nc6 8. Bg2 {A32: Symmetrical English: 2 Nf3 Nf6 3 d4 cxd4 4 Nxd4 e6} (8. Bxb4 Qxb4+ 9. Qd2 e5 10. Nb5 Qxd2+ 11. Kxd2 O-O 12. N1c3 d6 13. Rd1 Rd8 14. Be2 a6 15. Nc7 Ra7 {½-½ (56) Anurag,M (2405)-Gupta,A (2634) Paleochora 2014}) 8... O-O 9. O-O d5 10. cxd5 {LiveBook: 5 Games. White has an edge.} Nxd5 {[%cal Bf6d5,Bd5b4,Bb4d3][%mdl 32]} 11. Nxc6 bxc6 12. Bxb4 Nxb4 13. Qb3 $146 ({Predecessor:} 13. a3 Rd8 14. Qa4 Nd5 15. b4 Bb7 {0-1 (36) Grigaitis,T-Lynch,J corr 1996}) 13... Ba6 14. Rd1 Rab8 15. a3 Nd3 16. Qxb6 axb6 17. b4 c5 18. Nc3 Rfd8 19. bxc5 (19. b5 $5 {[%cal Rb5a6]} Bb7 20. a4 $11) 19... Nxc5 20. Bf1 (20. Rdb1 {seems wilder.} Kf8 21. h4 g6 22. a4 Kg7 23. a5) 20... Bxf1 21. Kxf1 Kf8 22. Ke2 Rdc8 23. Rab1 Ke7 24. Rd4 Nd7 25. Nb5 Rc5 26. Rb2 Ra8 27. a4 h5 28. Rbd2 Nf6 29. e4 g5 30. h3 g4 31. hxg4 hxg4 32. Rb4 Re5 33. Rdd4 Rc8 34. Na3 Rc3 35. Nc4 Rxe4+ 36. Rxe4 Nxe4 37. Nxb6 $11 {[%mdl 4096] Endgame KRN-KRN} f5 38. a5 $1 Ra3 39. Nc4 Ra2+ 40. Rb2 Ra4 41. Rc2 (41. Kd3 $11) 41... Nc5 42. Ke3 Kf6 43. f3 gxf3 44. Kxf3 Kg5 45. Kg2 Ne4 46. Nd2 Nxd2 47. Rxd2 $17 {KR-KR} e5 (47... Rxa5 $17 48. Kf2 Ra8) 48. Rd8 (48. Rd5 $11) 48... Ra2+ 49. Kf3 Ra3+ (49... Rxa5 $2 50. Ke3 $19) 50. Kf2 Rxa5 51. Rg8+ Kf6 52. Re8 Ra2+ 53. Ke3 Ra3+ 54. Kf2 Rc3 55. Kg2 Rc5 56. Kf2 Kf7 57. Ra8 Ke6 58. Rf8 Rc3 59. Rd8 Ra3 60. Rf8 Rd3 61. Kg2 Rd2+ 62. Kf3 e4+ (62... Rb2 $17 63. Ra8 Rb3+ 64. Kf2 Rc3) 63. Ke3 $1 $11 {[%cal Re3d2]} Rd3+ 64. Kf2 Rf3+ 65. Kg2 Kd5 66. Ra8 Rc3 67. Kf2 Rf3+ 68. Kg2 Rd3 69. Kf2 Kc4 70. Ra4+ Kb5 71. Ra8 Rf3+ (71... f4 $5 72. gxf4 Kc6 $11) 72. Kg2 Kb4 73. Ra7 Rc3 74. Kf2 Kb3 75. Ra5 Rf3+ 76. Kg2 Kc4 77. Ra4+ Kd5 78. Ra5+ Kd4 79. Ra4+ Ke5 80. Ra5+ Kf6 81. Ra6+ Kg5 {Threatens to win with ...Rc3.} 82. Ra8 Rc3 83. Rg8+ Kf6 {Strongly threatening ...Kf7.} 84. Kf2 Rf3+ 85. Kg2 Ra3 86. Kf2 Ke5 87. Re8+ Kd4 88. Rd8+ Kc4 {White must now prevent ...Rb3.} 89. Rc8+ (89. Rg8 $11 {remains equal.}) 89... Kd3 ({Better is} 89... Kd5 $17 {And now ...Rf3+ would win.} 90. Rd8+ Ke5) 90. Rd8+ {The position is equal.} Kc2 91. Rd5 Rf3+ 92. Kg2 Rd3 93. Rxf5 e3 94. Ra5 Kd2 {[#] aiming for ...e2.} 95. Ra1 $1 Rd8 96. Ra2+ Kd3 {Hoping for ...e2.} 97. Kf1 Rb8 (97... Ke4 $5 {[%cal Re4f3]} 98. Ke2 Rd2+ 99. Rxd2 exd2 $11) 98. Ra3+ Ke4 99. Ra7 Rb1+ {Precision: White = 74%, Black = 60%.} (99... Kf3 $5 100. Rf7+ $8 Ke4 $11) 1/2-1/2

[Event "10th Karen Asrian Memorial 2017"]
[Site "Jermuk"]
[Date "2017.06.24"]
[Round "4"]
[White "Arutinian, David"]
[Black "Zubov, Alexander"]
[Result "0-1"]
[WhiteElo "2527"]
[BlackElo "2612"]
[Annotator "TA"]
[PlyCount "64"]
[EventDate "2017.??.??"]
[EventType "swiss"]
[EventCountry "ARM"]
[SourceTitle "playchess.com"]
[Source "ChessBase"]
[SourceQuality "1"]

{[%evp 15,64,-20,-19,-19,-12,-14,-6,-43,-46,-77,-77,-62,-51,-72,-60,-72,-70,-61,-49,-80,-77,-116,-67,-116,-120,-203,-200,-201,-120,-132,-122,-141,-128,-129,-129,-137,-120,-102,-123,-139,-143,-130,-107,-201,-138,-154,-153,-145,-141,-643,-640]} 1. c4 Nf6 2. Nf3 g6 3. g3 Bg7 4. Bg2 O-O 5. O-O c6 6. d4 d5 7. Nbd2 Ne4 8. Qb3 a5 9. cxd5 {D78: Fianchetto Grünfeld: 6 0-0 c6} (9. a4 Nxd2 10. Bxd2 dxc4 11. Qxc4 Na6 12. Rfd1 Be6 13. Qc2 Nb4 14. Bxb4 axb4 15. Ng5 Bf5 16. e4 Bg4 {½-½ (41) Matuszewski,M (2409)-Strzemiecki,Z (2429) Szklarska Poreba 2013}) 9... cxd5 10. Ne5 a4 11. Qe3 {The position is equal.} (11. Qc2 {seems wilder.} Nf6 12. Nb1 Bf5 13. Qd1 Nc6 14. Nc3) 11... Nd6 $146 ({Predecessor:} 11... Nxd2 12. Bxd2 f6 13. Nd3 Nc6 14. Nf4 Kh8 15. Nxd5 e6 16. Nb4 Nxd4 {1-0 (55) Miroiu,G (2194)-Radulescu,G Eforie Nord 2009}) 12. f4 Nc6 {[%cal Bb8c6,Bc6e7,Be7d5][%mdl 32]} 13. Qf2 e6 14. e4 Ne7 15. Rd1 b6 16. exd5 Nxd5 17. Nf1 Bb7 18. Be3 Qe7 19. Qe2 a3 20. Rdc1 (20. Bf2 $17) 20... Ba6 $19 21. Qf2 axb2 (21... Bxf1 $19 22. Bxd5 exd5 23. Rxf1 f6) 22. Qxb2 $17 Bxf1 23. Bxd5 exd5 24. Rxf1 {[#]} f6 $1 {[%cal Rf6e5]} 25. Qb3 Nf5 {[%cal Bd6f5,Bf5d4,Bd4f3,Bf3h4][%mdl 32]} 26. Qxd5+ Kh8 27. Bf2 fxe5 28. dxe5 Rad8 29. Qb5 (29. Qe4 $17 {might work better.}) 29... Nd4 30. Qxb6 Nf3+ 31. Kg2 {[#]} Qd7 $1 {[%cal Rd7d5]} 32. Rad1 $2 {[%mdl 8192] [#]} (32. Bc5 $17 Rb8 33. Qa7 (33. Qd6 $2 Qb7 $19) 33... Rb2+ 34. Rf2 Rxf2+ 35. Kxf2 Qxa7 36. Bxa7 Nxe5 37. Rd1) 32... Nh4+ $1 {[%mdl 512] Precision: White = 34%, Black = 75%.} 0-1

[Event "10th Karen Asrian Memorial 2017"]
[Site "Jermuk"]
[Date "2017.06.24"]
[Round "4"]
[White "Martirosyan, Haik M"]
[Black "Pashikian, Arman"]
[Result "1/2-1/2"]
[WhiteElo "2516"]
[BlackElo "2603"]
[Annotator "TA"]
[PlyCount "90"]
[EventDate "2017.??.??"]
[EventType "swiss"]
[EventCountry "ARM"]
[SourceTitle "playchess.com"]
[Source "ChessBase"]
[SourceQuality "1"]

{[%evp 19,90,10,12,12,15,0,0,0,0,0,0,-30,-22,-22,-25,-37,0,-16,-7,-8,-4,-16,-20,-53,-44,-43,-48,-50,-55,-49,-29,-50,-52,-66,-60,-57,-41,-66,-67,-104,-110,-108,0,0,0,0,0,0,0,0,0,0,0,0,0,0,0,0,0,0,0,0,0,0,0,0,0,0,0,0,0,0,0]} 1. e4 e5 2. Nf3 Nc6 3. Bb5 Nf6 4. d3 Bc5 5. c3 O-O 6. O-O {C65: Ruy Lopez: Berlin Defence (3...Nf6), unusual lines and 4 0-0 Bc5} Re8 7. b4 Bb6 8. Bc4 d6 9. a4 a5 10. b5 Ne7 {LiveBook: 4 Games} 11. Qb3 Rf8 12. Ba3 Ng6 13. Nbd2 {[%cal Bb1d2,Bd2f3,Bf3g5][%mdl 32] [#]} Nh5 $146 ({Predecessor:} 13... Bg4) 14. d4 Qf6 15. dxe5 Nxe5 16. Nxe5 Qxe5 17. Nf3 Qf6 18. e5 (18. Nd4 $5) 18... Qg6 $1 19. Bc1 Bh3 {[%csl Gh3][%cal Rg6g2] [#]} 20. Ng5 Bf5 21. h3 Ng3 22. Re1 $1 Ne4 23. Nxe4 Bxe4 {[%csl Ge4][%cal Rg6g2]} 24. Bf1 $1 Rae8 $36 {[%mdl 2048] Black is more active.} (24... Rfe8 {feels hotter.} 25. Be3 Bxe3 26. Rxe3 Rxe5 27. Qc4 c6) 25. Be3 Bxe3 26. Rxe3 Rxe5 27. Rae1 Rfe8 28. Qc4 c6 {[%cal Bc7c6,Bc6c5][%mdl 32]} 29. Qd4 c5 30. Qd2 b6 ({Better is} 30... h6 $17 31. c4 b6) 31. f3 $1 $11 {[%cal Bf2f3,Bf3f4,Bf4e5][%mdl 32] The position is equal.} Bf5 32. Rxe5 dxe5 {[#]} 33. Rxe5 $1 {[%cal Re5e8][%mdl 512]} Be6 (33... Rxe5 34. Qd8+) 34. Bc4 {Strongly threatening Bxe6.} Qf6 $1 {[%cal Rf6e5]} 35. Qe3 (35. Re4 $5 {[%cal Rd2d6]}) 35... Kf8 36. f4 Bd7 37. Qd3 Rxe5 38. fxe5 Qe7 39. Qf3 g6 40. Bd5 Kg7 41. Qf4 h5 42. c4 Bf5 43. Be4 Be6 44. Bd5 Bf5 45. Be4 Be6 {Precision: White = 69%, Black = 83%.} 1/2-1/2

[Event "10th Karen Asrian Memorial 2017"]
[Site "Jermuk"]
[Date "2017.06.24"]
[Round "4"]
[White "Sargsyan, Shant"]
[Black "Ter-Sahakyan, Samvel"]
[Result "1/2-1/2"]
[WhiteElo "2409"]
[BlackElo "2598"]
[Annotator "TA"]
[PlyCount "93"]
[EventDate "2017.??.??"]
[EventType "swiss"]
[EventCountry "ARM"]
[SourceTitle "playchess.com"]
[Source "ChessBase"]
[SourceQuality "1"]

{[%evp 12,93,27,28,31,0,20,18,15,16,37,17,18,0,28,-16,-3,-22,-16,-33,-32,-210,-49,-60,-69,-64,-39,-43,-38,-38,-36,-36,-27,-43,-43,-43,-44,-102,-87,-89,-82,-75,-54,-77,-44,-56,-45,-81,-36,-27,-36,-32,-23,-20,-20,-21,-8,-8,-8,-8,-8,-8,-6,-8,-8,-8,-8,-8,-8,-8,-8,-8,-3,-3,-3,-7,-7,-62,-62,-62,-62,-62,-62,-94]} 1. d4 d5 2. c4 c6 3. Nf3 Nf6 4. Nc3 dxc4 5. a4 e6 6. e3 c5 7. Bxc4 cxd4 {D16: Slav Defence: 5 a4: Lines with 5...Bg4 and 5...Na6} 8. Nxd4 (8. exd4 Nc6 9. O-O Be7 10. Qe2 O-O 11. Rd1 Nb4 12. a5 Bd7 13. Ne5 Be8 14. Bg5 Nfd5 15. Bd2 a6 16. Nxd5 Nxd5 17. Bd3 {½-½ (51) Nakamura,H (2793)-Shankland,S (2666) Saint Louis 2017}) 8... a6 9. O-O Bd6 $146 {The position is equal.} ({Predecessor:} 9... Bc5 10. Qe2 O-O 11. Rd1 Qe7 12. e4 e5 13. Nf3 h6 14. Be3 Bg4 15. Rd2 {1-0 (27) Gupta,A (2643)-El Arousy,A (2327) Dubai 2012}) 10. b3 O-O 11. Bb2 Qe7 12. h3 Bd7 13. e4 Nc6 14. Re1 {Threatens to win with Nxc6.} Ne5 15. Bf1 Bc5 16. Nc2 $2 {[#]} (16. Nf3 $15 Nxf3+ 17. Qxf3) 16... Rfd8 $2 (16... Nfg4 $1 $19 {[%cal Rg4f2][%mdl 512]} 17. Re2 (17. hxg4 $2 Qh4 $19) 17... Rfd8 18. hxg4 Qh4) 17. Qe2 $15 Bc6 18. Rad1 h5 (18... Ng6 {with more complications.} 19. e5 Rxd1 20. Rxd1 Nd7 21. Ne4 Bb6) 19. Nd5 exd5 20. exd5 Rxd5 21. Rxd5 Bxd5 22. Qxe5 Qxe5 23. Rxe5 Rc8 24. Na1 ({White should try} 24. Nd4 $15) 24... Bb4 25. Re2 Ne4 26. Nc2 Bc5 27. b4 Ba7 28. Ne3 Be6 29. a5 h4 30. Re1 f5 31. Rc1 Rd8 {aiming for ...Nxf2!} 32. Rd1 $1 {[%cal Rd1d8]} Rxd1 33. Nxd1 Bb3 34. Ne3 Kf7 35. b5 axb5 36. Bxb5 g5 37. Bd3 Be6 38. Kf1 Bc5 39. a6 bxa6 40. Bxa6 f4 41. Nd1 f3 42. Bb7 fxg2+ 43. Kxg2 Nf6 44. Bxf6 (44. Be5 $11) 44... Kxf6 {Black is slightly better.} 45. Ne3 Ke5 46. Ng4+ Kf4 47. Bc6 {Precision: White = 54%, Black = 58%.} 1/2-1/2

[Event "10th Karen Asrian Memorial 2017"]
[Site "Jermuk"]
[Date "2017.06.25"]
[Round "5"]
[White "Kovalenko, Igor"]
[Black "Maghsoodloo, Parham"]
[Result "1/2-1/2"]
[WhiteElo "2656"]
[BlackElo "2584"]
[Annotator "TA"]
[PlyCount "60"]
[EventDate "2017.??.??"]
[EventType "swiss"]
[EventCountry "ARM"]
[SourceTitle "playchess.com"]
[Source "ChessBase"]
[SourceQuality "1"]

{[%evp 9,60,14,37,10,11,22,17,-22,-18,-27,-18,-23,-12,-18,-13,-37,-26,-26,-29,-31,-1,-62,-12,-3,0,0,-6,12,10,-31,-18,-52,-34,-58,-43,-50,-46,-104,-88,-103,-59,-82,-49,-49,-50,-60,-62,-85,-48,-48,0,0,0]} 1. c4 e5 2. Nc3 Bb4 3. Nd5 Na6 (3... Bc5 4. Nf3 c6 5. Nc3 d6 6. e3 Bb4 7. d4 Nd7 8. Qc2 Ngf6 9. a3 Bxc3+ 10. Qxc3 O-O 11. Be2 Re8 12. b4 e4 {0-1 (47) Caruana,F (2808)-Anand,V (2786) Stavanger 2017}) 4. e3 Nf6 5. a3 Be7 $146 ({Predecessor:} 5... Nxd5 6. cxd5 Bd6 7. d4 exd4 8. Qxd4 O-O 9. Bxa6 bxa6 10. Nf3 c5 11. dxc6 dxc6 {½-½ (57) Docx,S (2405)-Van den Doel,E (2568) Germany 2016}) 6. b4 {A21: English Opening: 1...e5 2 Nc3} c5 7. Bb2 d6 8. Qc2 (8. Nxe7 {feels hotter.} Qxe7 9. b5 Nc7 10. Ne2 O-O 11. Ng3) 8... Nxd5 9. cxd5 cxb4 10. Bxa6 bxa6 11. axb4 O-O 12. Ne2 Qb6 13. O-O Bd7 14. Ng3 Qxb4 (14... Rfc8 $5 {[%cal Rc8c2]} 15. Bc3 Bb5 $15) 15. f4 (15. Rfb1 $11) 15... Rac8 (15... Rfc8 $5 {[%cal Rc8c2]} 16. Bc3 Qc4 17. fxe5 dxe5 $17) 16. Bc3 Qc4 17. Nf5 Bxf5 $1 18. Qxf5 g6 19. Qh3 f5 $36 {[%mdl 2048] Black has the initiative.} 20. fxe5 dxe5 {[%cal Bd6e5,Be5f4][%mdl 32]} 21. Qg3 f4 22. exf4 exf4 23. Qg4 ({White should play} 23. Qf3 $15) 23... Rf5 $17 24. Kh1 Rcf8 ({Much weaker is} 24... Qxd5 $6 25. Rxa6 Bd6 26. Rxa7 $11) 25. Rfc1 Qd3 26. Qf3 Rxd5 27. Rxa6 Bc5 28. Re1 Qxf3 29. gxf3 Bb6 30. Re7 Rf7 {Precision: White = 46%, Black = 50%.} 1/2-1/2

[Event "10th Karen Asrian Memorial 2017"]
[Site "Jermuk"]
[Date "2017.06.25"]
[Round "5"]
[White "Andriasian, Zaven"]
[Black "Visakh N R"]
[Result "1/2-1/2"]
[WhiteElo "2622"]
[BlackElo "2470"]
[Annotator "TA"]
[PlyCount "105"]
[EventDate "2017.??.??"]
[EventType "swiss"]
[EventCountry "ARM"]
[SourceTitle "playchess.com"]
[Source "ChessBase"]
[SourceQuality "1"]

{[%evp 13,105,17,17,7,7,7,0,0,0,8,11,0,0,3,20,21,30,30,30,30,30,25,25,22,27,19,36,10,5,13,14,14,13,0,0,0,0,0,0,0,0,0,0,0,11,8,9,0,0,0,6,6,29,0,0,0,0,0,0,0,0,0,0,0,19,9,14,0,0,0,0,0,0,0,8,8,8,8,8,0,0,0,8,8,8,8,8,8,8,8,37,0,0,0]} 1. e4 e5 2. Nf3 Nc6 3. Bb5 Nf6 4. d3 Bc5 5. c3 d6 6. O-O O-O 7. Nbd2 Bb6 8. h3 {C65: Ruy Lopez: Berlin Defence (3...Nf6), unusual lines and 4 0-0 Bc5} Ne7 9. Nc4 c6 (9... Ng6 10. Ba4 Be6 11. Bc2 h6 12. Nxb6 axb6 13. d4 c5 14. a3 Re8 15. Be3 Qc7 16. d5 Bd7 17. Nd2 b5 18. Qf3 Nh7 19. Qg3 Qd8 20. f4 exf4 21. Rxf4 {1-0 (79) Topalov,V (2739)-Howell,D (2655) Caleta 2017}) 10. Nxb6 axb6 11. Ba4 Ng6 12. Bc2 Re8 13. Re1 h6 14. d4 Qc7 15. Be3 b5 16. Nd2 $146 ({Predecessor:} 16. Qd2 Be6 17. a3 Red8 18. Rad1 {½-½ (52) Manik,M (2435)-Dzhumaev,M (2515) Chennai 2010}) 16... Be6 17. a4 bxa4 18. Rxa4 Rxa4 19. Bxa4 d5 20. Bc2 Nxe4 21. Nxe4 dxe4 22. Bxe4 f5 23. d5 cxd5 24. Bxd5 Qf7 25. Bxe6 Rxe6 26. f3 Kh7 27. Qd8 Re8 28. Qd2 Qe6 29. Rd1 Qb3 30. Rc1 Ra8 31. Qc2 Qf7 32. Rd1 Re8 33. Re1 b5 34. Kh1 Rd8 35. b3 Rc8 36. Rc1 Ne7 37. c4 bxc4 38. bxc4 Kg8 39. Bf2 Nc6 40. Qa4 Nd4 41. Qa6 Qe6 42. Qxe6+ Nxe6 $11 {[%mdl 4096] Endgame KRB-KRN} 43. Re1 Rxc4 44. Rxe5 Rc1+ 45. Kh2 Rc2 $1 46. Kg1 Rc1+ $1 47. Kh2 Rc2 $1 48. Be3 f4 {Strongly threatening ...Ng5.} 49. Rxe6 Re2 50. Re4 fxe3 51. h4 h5 52. Kg3 Kf7 53. Re5 {Precision: White = 62%, Black = 69%.} 1/2-1/2

[Event "10th Karen Asrian Memorial 2017"]
[Site "Jermuk"]
[Date "2017.06.25"]
[Round "5"]
[White "Zubov, Alexander"]
[Black "Postny, Evgeny"]
[Result "1-0"]
[WhiteElo "2612"]
[BlackElo "2581"]
[Annotator "TA"]
[PlyCount "148"]
[EventDate "2017.??.??"]
[EventType "swiss"]
[EventCountry "ARM"]
[SourceTitle "playchess.com"]
[Source "ChessBase"]
[SourceQuality "1"]

{[%evp 15,148,37,36,21,23,33,23,20,33,23,30,11,17,16,20,7,37,39,42,35,42,42,31,12,30,19,33,8,7,0,28,25,35,36,41,37,50,42,58,50,58,55,64,73,72,0,16,24,13,15,13,-43,0,-27,-47,-67,-24,-28,-45,-99,0,0,148,145,148,135,397,363,391,385,618,345,353,369,488,479,505,504,454,422,487,502,420,389,511,496,500,502,450,455,448,448,469,462,491,467,452,444,447,434,441,422,414,391,424,364,446,447,437,437,427,414,584,510,832,724,1416,1404,1199,1117,1935,1729,1915,1916,1828,392,1825,392,1794,1710,2337,1850,29975,29977,29983]} 1. c4 c6 2. Nf3 d5 3. e3 Nf6 4. Nc3 a6 5. b3 g6 (5... Bg4 6. d4 e6 7. Be2 Nbd7 8. O-O Bd6 9. Bb2 O-O 10. h3 Bh5 11. Ne5 Bxe2 12. Nxe2 Qc7 13. Nd3 dxc4 14. bxc4 b5 15. Rc1 {½-½ (81) Karjakin,S (2785)-Morozevich,A (2676) Doha 2016}) 6. Bb2 {A11: English Opening: 1...c6} Bg7 7. Be2 O-O 8. O-O Bg4 {LiveBook: 3 Games} 9. d3 Nbd7 10. h3 Bxf3 11. Bxf3 e6 12. Qc2 Re8 $146 ({Predecessor:} 12... Rc8 13. Rad1 {1-0 (63) Kaidanov,G (2577)-Zhou,W (2616) Ningbo 2013}) 13. Rad1 Rc8 14. d4 Qe7 15. Rfe1 h5 16. e4 dxe4 17. Bxe4 Nxe4 18. Nxe4 Nf6 19. Nc5 Qc7 20. Re3 Rcd8 21. Qe2 Nd7 {Threatens to win with ...Nxc5.} 22. Nd3 Nf8 23. Ne5 Nd7 24. Nf3 Nf6 25. Red3 Qd6 26. Bc1 Nd7 27. Bg5 Rc8 28. Bh4 Qc7 29. Re3 b5 30. Ne5 (30. Ng5 $16) 30... Nxe5 31. dxe5 bxc4 32. bxc4 Rb8 33. Bg3 ({White should play} 33. g3 $11) 33... Qb6 34. Qf3 Red8 35. Rd6 Qb1+ 36. Kh2 Qxa2 37. Qf4 (37. Qe4 $15) 37... Qa1 (37... a5 $17) 38. Bh4 $36 {[%cal Bg3h4,Bh4e7,Be7d6][%mdl 2080] White has good play.} Rf8 (38... Rxd6 $11 39. exd6 e5) 39. Be7 $1 $16 {[%mdl 1024] White has strong compensation.} Rfe8 40. Rd7 $1 Rb1 $2 {[%mdl 8192] [#]} (40... Qb1 $16 {was necessary.}) 41. Bd6 $1 $18 f5 {[#]} 42. Qg5 $1 {[%cal Rg5g6]} Rh1+ 43. Kg3 h4+ 44. Qxh4 Qd1 45. Qg5 Qh5 46. Qxh5 gxh5 47. Kh4 {White wants to mate with Rg3.} f4 48. Re4 f3 49. g3 Kh7 50. Kxh5 {Intending Rh4 and mate.} Rxh3+ 51. Kg5 Ra8 52. Rf4 Kg8 {If Black can now play ...Bh6+ this consolidates a bit.} 53. Rxf3 Rh7 {Hoping for ...Bh6+.} 54. Kg4 Bh6 55. Rxh7 Kxh7 {[%mdl 4096] Endgame KRB-KRB} 56. Rf7+ Kg8 57. Rf6 Bc1 58. Rxe6 a5 59. Bc5 Bb2 60. Rxc6 a4 61. f4 a3 62. Bxa3 Rxa3 {KRB-KR} 63. Rc7 Bd4 (63... Kf8 $142 64. c5 Rc3) 64. c5 {[%cal Bc4c5,Bc5c6][%mdl 32]} Bf2 (64... Rc3 $142 65. Kf5 Rxc5 66. Rxc5 Bxc5) 65. c6 Rxg3+ 66. Kf5 Rc3 67. Kg6 {[%cal Rc7c8]} Kf8 68. f5 {[%cal Bf4f5,Bf5f6][%mdl 32]} Bb6 69. Rc8+ Ke7 70. f6+ Ke6 71. Re8+ Kd5 72. e6 {[%cal Be5e6,Be6e7][%mdl 32]} Rg3+ 73. Kf7 Kxc6 74. e7 Kd5 {Precision: White = 69%, Black = 54%.} 1-0

[Event "10th Karen Asrian Memorial 2017"]
[Site "Jermuk"]
[Date "2017.06.25"]
[Round "5"]
[White "Pashikian, Arman"]
[Black "Hakobyan, Aram"]
[Result "1/2-1/2"]
[WhiteElo "2603"]
[BlackElo "2449"]
[Annotator "TA"]
[PlyCount "60"]
[EventDate "2017.??.??"]
[EventType "swiss"]
[EventCountry "ARM"]
[SourceTitle "playchess.com"]
[Source "ChessBase"]
[SourceQuality "1"]

{[%evp 11,60,10,20,15,29,27,31,21,27,27,45,52,30,26,41,19,29,27,25,25,29,18,37,36,33,18,20,27,28,22,27,20,22,24,43,43,48,44,58,63,85,47,50,66,63,39,43,18,25,0,0]} 1. d4 e6 2. Nf3 c5 3. e3 Nf6 4. c4 d5 5. cxd5 exd5 6. Bb5+ Bd7 (6... Nbd7 {looks sharper.} 7. dxc5 a6 8. Ba4 Bxc5 9. O-O O-O) 7. Bxd7+ {D30: Queen's Gambit Declined: Systems without Nc3} Qxd7 (7... Nbxd7 8. dxc5 Nxc5 9. O-O Be7 10. Nc3 O-O 11. b3 Nce4 12. Ne2 Qa5 13. Bb2 Ba3 14. Bxa3 Qxa3 15. Qc1 Qa6 16. Qb2 Rac8 17. Nfd4 Rc7 18. Rac1 Rfc8 19. a4 {1-0 (60) Aronian,L (2780)-Caruana,F (2805) Stavanger 2015}) 8. O-O Nc6 9. b3 {White is slightly better.} Rc8 $146 ({Predecessor:} 9... cxd4 10. Nxd4 Bd6 11. Nf3 {1-0 (27) Cicak,S (2505)-Jepson,C (2416) Sweden 2015}) 10. dxc5 Bxc5 11. Bb2 Be7 12. Nc3 O-O 13. Qe2 Rfd8 14. Rfd1 Qe6 15. Rac1 Ne4 16. Nb5 Bf6 17. Nbd4 Nxd4 18. Bxd4 Rxc1 19. Rxc1 Rc8 20. Qb2 Rc6 21. Rxc6 Qxc6 22. Bxf6 Nxf6 23. Nd4 Qc8 24. f3 g6 25. Ne2 Ne8 26. Qe5 Qe6 27. Qd4 b6 28. Nf4 Qf5 29. Qa4 Qe5 $1 {[%cal Re5e3]} 30. Nxd5 Nc7 {Precision: White = 76%, Black = 65%.} 1/2-1/2

[Event "10th Karen Asrian Memorial 2017"]
[Site "Jermuk"]
[Date "2017.06.25"]
[Round "5"]
[White "Ter-Sahakyan, Samvel"]
[Black "Martirosyan, Haik M"]
[Result "0-1"]
[WhiteElo "2598"]
[BlackElo "2516"]
[Annotator "TA"]
[PlyCount "112"]
[EventDate "2017.??.??"]
[EventType "swiss"]
[EventCountry "ARM"]
[SourceTitle "playchess.com"]
[Source "ChessBase"]
[SourceQuality "1"]

{[%evp 16,112,20,14,26,31,33,32,20,0,8,-6,6,-16,-9,-15,-2,-7,-9,-16,0,-48,-35,-99,-57,-64,-59,-47,-31,-61,-34,-105,-89,-87,-72,-133,-119,-128,-102,-200,-124,-129,-119,-110,-106,-130,-129,-139,-134,-131,-133,-135,-139,-146,-150,-125,-139,-218,-90,-100,-100,-196,-204,-196,-208,-193,-102,-101,-110,-116,-114,-102,-62,-179,-166,-394,-392,-372,-358,-358,-372,-356,-370,-747,-641,-479,-458,-1122,-948,-1166,-1068,-1524,-1589,-29970,-29971,-29964,-29967,-29986,-29987]} 1. e4 e5 2. Nf3 Nc6 3. Bb5 Nf6 4. d3 Bc5 5. c3 O-O 6. O-O d6 7. h3 h6 {C65: Ruy Lopez: Berlin Defence (3...Nf6), unusual lines and 4 0-0 Bc5} (7... a5 8. Ba4 Ne7 9. Re1 Ng6 10. d4 Ba7 11. Nbd2 Bd7 12. Bc2 Re8 13. Nf1 b5 14. Ng3 c5 15. d5 {0-1 (42) Hou,Y (2651)-Kramnik,V (2809) Medias 2016}) 8. Re1 Bd7 9. Nbd2 {LiveBook: 6 Games} Ne7 {The position is equal.} (9... a6 $5 {[%cal Ra6b5]} 10. Bxc6 Bxc6 $11) 10. Bxd7 Qxd7 11. b4 $146 ({Predecessor:} 11. Nf1 Nh7 12. d4 exd4 13. cxd4 {0-1 (42) Arlavi,S-Smetisko,L (1537) Trogir 2016}) 11... Bb6 12. Nc4 (12. a4 $5 {[%cal Ra4a5]} c6 13. Nc4 $11) 12... c6 13. a4 Bc7 14. Be3 Ng6 15. Qc2 d5 16. Ncd2 Rfe8 17. Nb3 Bb6 18. Bxb6 axb6 19. c4 (19. a5 $15) 19... Nh5 {And now ...Nhf4 would win.} 20. Qe2 Nhf4 $36 {[%mdl 2048] Black has the initiative.} 21. Qf1 $1 f5 22. Kh2 Rad8 23. Rad1 (23. cxd5 $15 cxd5 24. Nbd2) 23... Qf7 24. cxd5 cxd5 25. exf5 (25. Nbd2 $142) 25... Qxf5 $17 26. Ng1 Rc8 27. a5 (27. g3 $17) 27... Rc3 {[#]} 28. Nd4 $1 {[%mdl 512]} Qf8 (28... exd4 29. Rxe8+) 29. Ndf3 Qxb4 30. axb6 Qxb6 31. Re3 Rc2 {aiming for ...Nxg2!} 32. Ne2 Rf8 33. Nxf4 Nxf4 34. Rd2 Rxd2 35. Nxd2 Qc7 36. Kg1 (36. Qb1 $17 {keeps fighting.}) 36... Rf6 (36... d4 $19 {and Black stays clearly on top.} 37. Re1 Qc2) 37. g3 Ne6 38. h4 (38. Qe1 $17) 38... Nd4 $19 39. Qg2 Qd6 40. Nf3 Nxf3+ ({Black should try} 40... Nc6 $19 41. Nd2 Rf7) 41. Rxf3 $17 Rxf3 42. Qxf3 $19 {[%mdl 4096] Endgame KQ-KQ} Qe6 43. Qe3 Qf5 44. f3 ({White should play} 44. Qb6 $15) 44... b5 45. Kf2 $2 {[#]} (45. Kg2) 45... e4 $1 {[%mdl 512]} 46. dxe4 dxe4 {Strongly threatening ...Qxf3+.} 47. f4 {[#]} Qd5 $1 48. Qc3 Kh7 49. g4 $2 (49. Qb4 Qd3 50. Kg2) 49... h5 50. g5 Qf5 51. Qc7 {[#]} (51. Qd2 $142 Qh3 52. g6+ Kxg6 53. Qd6+ Kh7 54. Qe5 Qxh4+ 55. Ke2) 51... b4 $1 {[%cal Rb4b3]} 52. Qb8 Qc5+ 53. Ke2 Qc2+ 54. Ke1 e3 {Black mates.} 55. g6+ Qxg6 56. Qxb4 Qc2 {Precision: White = 35%, Black = 62%.} 0-1